[Event "Skalica Rapid op"]
[Site "Skalica"]
[Date "2020.08.29"]
[Round "6"]
[White "Sevcikova, Lucia"]
[Black "Pekar, Matus"]
[Result "1-0"]
[WhiteElo "1801"]
[BlackElo "1575"]
[PlyCount "69"]
[EventDate "2020.08.29"]
[EventType "swiss (rapid)"]
[EventRounds "7"]
[EventCountry "SVK"]
[SourceTitle "CBM 198 Extra"]
[Source "ChessBase"]
[SourceDate "2020.11.30"]
[SourceVersion "1"]
[SourceVersionDate "2020.11.30"]
[SourceQuality "1"]

1. e4 d6 2. d4 g6 3. Nf3 Nf6 4. Nc3 Bg7 5. Be3 0-0 6. Be2 c6 7. a4 Nbd7 8. 0-0 e5 9. Qd2 Re8 10. Bc4 exd4 11. Bxd4 Nxe4 12. Nxe4 Rxe4 13. Bxf7+ Kf8 14. Bxg7+ Kxg7 15. Bb3 Nf6 16. Ng5 Re7 17. Rfe1 d5 18. Rxe7+ Qxe7 19. Re1 Qd6 20. Qe3 Rb8 21. Qe7+ Qxe7 22. Rxe7+ Kh6 23. Nf7+ Kh5 24. Nd6 a6 25. Nxc8 Rxc8 26. Rxb7 c5 27. c3 Rc6 28. f3 h6 29. Re7 Rd6 30. Re5+ Kh4 31. g3+ Kh3 32. Bd1 Ne4 33. fxe4 dxe4 34. Be2 Rd2 35. Rxe4 1-0